[Blúdenie]

Bibliographic Details
Main Author: Galvánková, Andrea (Author)
Format: Article
Language:Slovak
ISSN:1210-2210
Subjects:

MARC

LEADER 00000nab a2200000 a 4500
001 vtls000731459
003 SK-MaSNL
005 20260304104741.0
008 250429c2000 xo 0 slo
015 |a SNBRB2000/09-23453 
035 |a CLN000083580 
035 |a urn:nbn:sk:snk-abbtng 
035 |a (urnnbn)urn:nbn:sk:snk:ar-003meu 
035 |a (uuid)ea740d99-70dd-4465-ab60-8e8b4eecdd63 
040 |a SNKBUCL  |b slo  |c SNKBUCL  |e AACR2 
041 0 |a slo 
044 |a xo  |c SK 
080 |a 885.4-1  |2 1997 
100 1 |a Galvánková, Andrea  |4 aut  |9 416545 
245 1 0 |a [Blúdenie]  |c Andrea Galvánková 
650 0 7 |a lyrické básne, slovenské  |2 snkbucl  |9 28980 
655 7 |a články z novín a časopisov  |2 snkbucl  |9 267496 
773 0 |t Dotyky  |g Roč. 12, č. 1 (2000), s. 44  |x 1210-2210 
850 |a Slovenská národná knižnica 
852 |a Slovenská národná knižnica 
958 |a article15 
958 |a OND 
958 |a LX 
958 |a SK 
958 |a EUIPO 
992 |a RBX 
999 |c 2852813  |d 2854743